[Event "POR-chT"]
[Site "Porto"]
[Date "2016.08.20"]
[Round "9.12"]
[White "Rivera, Daniel"]
[Black "Pintor, Simao Maciel Abranc"]
[Result "0-1"]
[WhiteElo "2336"]
[BlackElo "2029"]
[PlyCount "84"]
[EventDate "2016.08.14"]
[EventType "team-tourn"]
[EventRounds "9"]
[EventCountry "POR"]
[SourceTitle "CBM 173 Extra"]
[Source "ChessBase"]
[SourceDate "2016.08.29"]
[SourceVersion "1"]
[SourceVersionDate "2016.08.29"]
[SourceQuality "1"]
[WhiteTeam "Gaia"]
[BlackTeam "GX 113"]
[WhiteTeamCountry "POR"]
[BlackTeamCountry "POR"]

1. e4 c5 2. Nc3 Nc6 3. Nf3 g6 4. d4 cxd4 5. Nxd4 Bg7 6. Nb3 Bxc3+ 7. bxc3 Nf6 8. Bd3 0-0 9. 0-0 d5 10. exd5 Qxd5 11. c4 Qd6 12. c5 Qc7 13. h3 b6 14. cxb6 axb6 15. Re1 Rd8 16. Qf3 Bb7 17. Bf4 Qc8 18. Qe2 Nb4 19. Bh6 Qc6 20. f3 Nfd5 21. Bb5 Qf6 22. c4 g5 23. cxd5 Nxd5 24. Bc4 e6 25. Bxg5 Qxg5 26. Qe5 Qxe5 27. Rxe5 Nc3 28. a3 Ra4 29. Bf1 Bd5 30. Nd2 b5 31. Nb1 b4 32. Nxc3 bxc3 33. Bb5 Ra5 34. a4 Bb3 35. Ree1 Rd2 36. Rac1 c2 37. Re3 Rd1+ 38. Re1 Ra8 39. Kf2 Rad8 40. Be2 Bxa4 41. Ke3 Rxe1 42. Rxe1 Rd1 0-1

[Event "Pontevedra op 4th"]
[Site "Pontevedra"]
[Date "2015.12.26"]
[Round "1"]
[White "Martinez Rodriguez, Eugenio"]
[Black "Rivera, Daniel"]
[Result "0-1"]
[WhiteElo "1732"]
[BlackElo "2350"]
[PlyCount "114"]
[EventDate "2015.12.26"]
[EventType "swiss"]
[EventRounds "9"]
[EventCountry "ESP"]
[SourceTitle "CBM 170 Extra"]
[Source "ChessBase"]
[SourceDate "2016.02.25"]
[SourceVersion "1"]
[SourceVersionDate "2016.02.25"]
[SourceQuality "1"]

1. e4 c5 2. Nf3 Nc6 3. d4 cxd4 4. Nxd4 Nf6 5. Nc3 e6 6. Ndb5 Bb4 7. a3 Bxc3+ 8. Nxc3 d5 9. exd5 exd5 10. Bd3 0-0 11. 0-0 d4 12. Ne4 Bf5 13. Bg5 Bxe4 14. Bxe4 h6 15. Bxf6 Qxf6 16. Qf3 Qxf3 17. Bxf3 Ne5 18. Be2 Rac8 19. Rac1 Rc5 20. f4 Nc4 21. c3 d3 22. Bxd3 Nxb2 23. Be4 b6 24. Rf2 Nc4 25. a4 Rd8 26. g3 Rd6 27. Re2 Kf8 28. Rce1 Re6 29. f5 Ree5 30. Rd1 Ke7 31. Bd3 Rxe2 32. Bxe2 Nd6 33. Rd3 Nxf5 34. Rf3 g6 35. Bb5 Nd6 36. Re3+ Kf6 37. Bd7 Rc7 38. Bg4 Rc4 39. Bd1 h5 40. h3 h4 41. Bb3 Re4 42. Rf3+ Ke7 43. gxh4 Rxh4 44. Kg2 Re4 45. Kf2 f5 46. Rg3 Kf6 47. Rd3 Nb7 48. Bd5 Re7 49. Bc4 Nc5 50. Rd6+ Kg5 51. h4+ Kh6 52. Bd3 Nxd3+ 53. Rxd3 Re4 54. a5 Rxh4 55. axb6 axb6 56. Rd6 Rc4 57. Rxb6 Rxc3 0-1

[Event "Lisbon Christmas op"]
[Site "Lisbon"]
[Date "2014.12.27"]
[Round "2"]
[White "Spraggett, Kevin"]
[Black "Rivera, Daniel"]
[Result "1-0"]
[WhiteElo "2561"]
[BlackElo "2345"]
[PlyCount "116"]
[EventDate "2014.12.26"]
[EventType "swiss"]
[EventRounds "9"]
[EventCountry "POR"]
[SourceTitle "CBM 164 Extra"]
[Source "ChessBase"]
[SourceDate "2015.03.02"]
[SourceVersion "1"]
[SourceVersionDate "2015.03.02"]
[SourceQuality "1"]

1. d4 e6 2. e4 d5 3. exd5 exd5 4. Nf3 Bd6 5. Bd3 Nc6 6. 0-0 Bg4 7. Re1+ Nge7 8. c3 Qd7 9. Nbd2 0-0-0 10. b4 Ng6 11. Qa4 Kb8 12. b5 Nce7 13. Ne5 Bxe5 14. dxe5 Bf5 15. Bf1 d4 16. cxd4 Qxd4 17. Qxd4 Rxd4 18. Nf3 Rd7 19. Bb2 Nf4 20. Nd4 Bg6 21. e6 fxe6 22. Nxe6 Nxe6 23. Rxe6 Nf5 24. Ree1 Rhd8 25. Be5 Nd4 26. Rac1 Nc2 27. Re2 Nb4 28. Bg3 Bd3 29. Rd2 b6 30. Bxd3 Nxd3 31. Rxd3 Rxd3 32. Bxc7+ Kb7 33. Bxd8 Rxd8 34. Re1 Rd7 35. g3 Kc7 36. Kg2 Kd8 37. Re4 Rd5 38. Ra4 Rd7 39. Kf3 Ke7 40. Ke4 Kf6 41. f4 h5 42. Rc4 Re7+ 43. Kf3 Rd7 44. Ke3 Kf5 45. h3 g6 46. a4 g5 47. Re4 gxf4+ 48. Rxf4+ Kg5 49. h4+ Kg6 50. g4 hxg4 51. Rxg4+ Kf6 52. Rd4 Rc7 53. h5 Rc5 54. Rd6+ Ke7 55. Rh6 Rg5 56. Rh8 a6 57. bxa6 Ra5 58. a7 Kf7 1-0

[Event "Ourense op"]
[Site "Ourense"]
[Date "2014.07.09"]
[Round "4"]
[White "Rivera, Daniel"]
[Black "Strikovic, Aleksa"]
[Result "1-0"]
[WhiteElo "2347"]
[BlackElo "2542"]
[PlyCount "81"]
[EventDate "2014.07.07"]
[EventType "swiss"]
[EventRounds "9"]
[EventCountry "ESP"]
[SourceTitle "EXT 2016"]
[Source "ChessBase"]
[SourceDate "2015.10.08"]
[SourceVersion "1"]
[SourceVersionDate "2015.10.08"]
[SourceQuality "1"]

1. e4 d6 2. d4 Nf6 3. Nc3 e5 4. Nf3 Nbd7 5. Bc4 exd4 6. Nxd4 Nb6 7. Be2 Be7 8. 0-0 0-0 9. a4 a5 10. f4 c6 11. Bf3 Re8 12. b3 Bf8 13. Ba3 d5 14. Bxf8 dxe4 15. Bc5 exf3 16. Nxf3 Nbd5 17. Nxd5 Nxd5 18. Ne5 b6 19. Ba3 c5 20. Qf3 Nc7 21. Rad1 Qf6 22. Nc4 Bf5 23. Bb2 Qe7 24. Qg3 f6 25. Nd6 Bxc2 26. Nxe8 Rxe8 27. Rfe1 Qf7 28. Rxe8+ Nxe8 29. Rd8 Kf8 30. Rb8 Bxb3 31. Rxb6 Bxa4 32. Qa3 Qc7 33. Bd4 Qxf4 34. Qxc5+ Kf7 35. Qc4+ Kg6 36. Qxa4 Qc1+ 37. Kf2 Qd2+ 38. Kf1 Qf4+ 39. Ke1 Nd6 40. Qc2+ Kf7 41. Qb3+ 1-0